000
00189nam a2200097Ia 4500
100
_a
Mudge/Arthur E.
942
_c
BK
245
_a
Value Engineering
260
_b
McGraw Hill
300
_a
286
999
_c
31935
_d
31935